Descubriendo la Programación en R - Con aplicaciones a la Bioestadística / (Record no. 23404)

000 -CABECERA
fixed length control field 00948nam a22002537i 4500
003 - IDENTIFICADOR DEL NÚMERO DE CONTROL
control field AR-CdUCM
008 - DATOS DE LONGITUD FIJA--INFORMACIÓN GENERAL
fixed length control field 250909b20202020 pe||||| |||| 00| 0 spa d
020 ## - NÚMERO INTERNACIONAL ESTÁNDAR DEL LIBRO
ISBN 978-612-00-5747-6
040 ## - FUENTE DE LA CATALOGACIÓN
Agencia/entidad que catalogó originalmente la obra MUNICIPALIDAD PROVINCIAL DEL CUSCO
Entidad que transcribió la catalogación BIBLIOTECA MUNICIPAL DEL CUSCO
082 ## - NÚMERO DE LA CLASIFICACIÓN DECIMAL DEWEY
No. de Clasificación 005.133 / A85R
Notacion interna A85R
100 ## - ENTRADA PRINCIPAL--NOMBRE DE PERSONA
Nombre Personal Atauchi Rojas, P. Joser
245 ## - MENCIÓN DE TÍTULO
Título Descubriendo la Programación en R - Con aplicaciones a la Bioestadística /
260 ## - PUBLICACIÓN, DISTRIBUCIÓN, ETC.
Lugar de publicación, distribución, etc. Cusco :
Nombre de la editorial, distribuidor, etc. Editorial Bolaños
Fecha de publicación, distribución, etc. 2020
300 ## - DESCRIPCIÓN FÍSICA
Nº de Páginas Extensión 235 páginas. :
Dimensiones 20x16 cm.
500 ## - NOTA GENERAL
Bibliografía Paginas: 231-235
505 ## - NOTA DE CONTENIDO CON FORMATO
Nota de contenido formateada Que es R y RStudio? -- Conociendo RStudio 11 -- Conectando con GitHub 15 -- Interactuando con R19 -- Gestión de archivos
650 ## - PUNTO DE ACCESO ADICIONAL DE MATERIA--TÉRMINO DE MATERIA
Descriptor Gestión de archivos
9 (RLIN) 51562
650 ## - PUNTO DE ACCESO ADICIONAL DE MATERIA--TÉRMINO DE MATERIA
Descriptor Visualizar objetos
9 (RLIN) 51563
700 ## - PUNTO DE ACCESO ADICIONAL--NOMBRE DE PERSONA
Nombre Personal Valencia Toledo, Alfredo
9 (RLIN) 51564
700 ## - PUNTO DE ACCESO ADICIONAL--NOMBRE DE PERSONA
Nombre Personal Olarte Estrada Joel G.
9 (RLIN) 51565
942 ## - ELEMENTOS DE PUNTO DE ACCESO ADICIONAL (KOHA)
Fuente de clasificación
Tipo de item Libros-BMC
945 ## - PROCESAMIENTO DE INFORMACIÓN LOCAL (OCLC)
Catalogador pbjr
AAAA-MM-DD - Fecha de ingreso o modificacion 9-09-2025
Holdings
Estado de retiro (separado) Fuente de clasificación o esquema de estanterías Estado dañado Ubicación Sala donde se ubica Nombre de la colección Fecha de adquisición o compra Fuente de adquisición Costo, precio normal en soles Signatura topográfica Código de Barras Última vez visto (Koha) Tipo de ítem (Koha)
No     Sala Humanidades Sala Humanidades Book Cart 2025-09-09 Donación 15.00 005.133 / A85R SH0000017016 2025-09-09 Libros-BMC

Powered by Koha